Red Alert 2 Quiz - Statistics

General Stats
  • This quiz has been taken 377 times
  • The average score is 50 of 86
Answer Stats
Answer % Correct
Tanya
86%
G.I.
84%
Attack Dog
83%
Conscript
82%
Barracks
77%
Spy
75%
Tesla Coil
74%
Engineer
73%
Flak Trooper
73%
Pillbox
73%
Prism Tank
73%
Tesla Tank
73%
Tesla Trooper
73%
USA,
73%
France,
72%
Yuri
72%
Mirage Tank
70%
Power Plant
70%
Sniper
70%
Wall
70%
Great Britain,
69%
Grizzly Tank
69%
Russia,
69%
Dolphin
68%
Germany,
68%
Aircraft Carrier
67%
South Korea,
67%
Chronosphere
66%
Desolator
64%
Iraq,
64%
Iron Curtain
64%
Kirov Airship
64%
Prism Tower
64%
Rhino Heavy Tank
64%
Tank Destroyer
64%
War Factory
64%
Destroyer
63%
Apocalypse Tank
62%
Grand Cannon
62%
IFV
62%
Chrono Miner
61%
Giant Squid
61%
Cuba,
60%
Harrier
60%
Libya,
60%
Flak Cannon
59%
Rocketeer
59%
Terrorist
59%
Black Eagle
58%
Weather Control Device
58%
Crazy Ivan
57%
Paratroopers
57%
Ore Refinery
56%
Chronolegionnaire
55%
War Miner
55%
Battle Lab
54%
Demolition Truck
54%
MCV
54%
Nuclear Missile Silo
54%
Aegis Cruiser
53%
Nuclear Reactor
51%
Patriot Missile System
51%
Construction Yard
49%
Dreadnaught
49%
Typhoon Attack Sub
49%
Sentry Gun
48%
Tesla Reactor
48%
Flak Track
47%
V3 Rocket Launcher
45%
Terror Drone
44%
Air Force Command HQ
43%
Radar
43%
Cloning Vat
40%
Sea Scorpion
39%
Ore Purifier
38%
Naval Yard
36%
Nighthawk Transport
36%
Yuri Prime
36%
Amphibious Transport
35%
Chrono Ivan
34%
Gap Generator
33%
Spy Satellite Uplink
32%
Chrono Commando
30%
Psi Commando
28%
Service Depot
28%
Psychic Sensor
11%
No matching quizzes found
Score Distribution
Percent of People with Each Score
Percentile by Number Answered
Your Score History
You have not taken this quiz